Collection de M. D... de G... (Record no. 7754)

MARC details
000 -CABECERA
campo de control de longitud fija 00914nam a2200253 a 4500
001 - NÚMERO DE CONTROL
campo de control BRCA_8086
005 - FECHA Y HORA DE LA ÚLTIMA TRANSACCIÓN
campo de control 20190320210126.0
008 - DATOS DE LONGITUD FIJA--INFORMACIÓN GENERAL
campo de control de longitud fija 040414s1896----fr-a###f##---#000-0#fre-#
041 ## - CÓDIGO DE LENGUA
Código de lengua del texto/banda sonora o título independiente fre
044 ## - CÓDIGO DEL PAÍS DE LA ENTIDAD EDITORA/PRODUCTORA
Código MARC del país fr
050 #4 - SIGNATURA TOPOGRÁFICA DE LA BIBLIOTECA DEL CONGRESO
Número de clasificación N8675
Número de documento/Ítem .C69
-- 1896
245 10 - MENCIÓN DE TÍTULO
Título Collection de M. D... de G...
Resto del título première vente objets d´art et riche ameublement.
260 ## - PUBLICACIÓN, DISTRIBUCIÓN, ETC.
Lugar de publicación, distribución, etc. Paris
Nombre del editor, distribuidor, etc. Imprimeria de l´art
Fecha de publicación, distribución, etc. 1896
300 ## - DESCRIPCIÓN FÍSICA
Extensión 2 v. (paginación variada)
Otras características físicas il.
Dimensiones 40 cm.
500 ## - NOTA GENERAL
Nota general Y119
500 ## - NOTA GENERAL
Nota general Dos tomos inventariados como un sólo libro
500 ## - NOTA GENERAL
Nota general Material inventariado por el Banco de México
505 0# - NOTA DE CONTENIDO CON FORMATO
Nota de contenido con formato V.1 Première vente objets d´art et riche ameublement.-- V.2 Deuxième vente tableau anciens et modernes
650 14 - PUNTO DE ACCESO ADICIONAL DE MATERIA--TÉRMINO DE MATERIA
Término de materia o nombre geográfico como elemento de entrada Muebles y tapices
Subdivisión de forma Subastas
9 (RLIN) 20107
650 14 - PUNTO DE ACCESO ADICIONAL DE MATERIA--TÉRMINO DE MATERIA
Término de materia o nombre geográfico como elemento de entrada Objetos de arte
Subdivisión de forma Catálogos
9 (RLIN) 11735
650 14 - PUNTO DE ACCESO ADICIONAL DE MATERIA--TÉRMINO DE MATERIA
Término de materia o nombre geográfico como elemento de entrada Objetos de arte
Subdivisión de forma Coleccionistas y colecciones
9 (RLIN) 19093
902 ## - CATALOGADOR
Iniciales GFM
942 ## - ELEMENTOS DE PUNTO DE ACCESO ADICIONAL (KOHA)
Fuente del sistema de clasificación o colocación Library of Congress Classification
Tipo de ítem Koha Libros
Holdings
Estado de retiro Estado de pérdida Estado dañado No para préstamo Localización permanente Ubicación/localización actual Fecha de adquisición Número de inventario Total de préstamos Signatura topográfica completa Código de barras Fecha visto por última vez Precio válido a partir de Tipo de ítem Koha
El ejemplar forma parte de la colección y puede ser consultado según las políticas vigentes.       Biblioteca del Museo Franz Mayer (Rogerio Casas-Alatriste) Biblioteca del Museo Franz Mayer (Rogerio Casas-Alatriste) 04/04/2014 Y119   N8675 .C69 1896 (Y119) 8710 22/03/2019 22/03/2019 Libros